The orgin and the history of mathesmatics/ (Record no. 37248)

MARC details
000 -LEADER
fixed length control field 00604nam a22001817a 4500
005 - DATE AND TIME OF LATEST TRANSACTION
control field 2010072206116.0
010 ## - LCCN (DPL NO)
LC control number ENG-96485
020 ## - INTERNATIONAL STANDARD BOOK NUMBER
International Standard Book Number 8187710187
Terms of availability 400.00
035 ## - SYSTEM CONTROL NUMBER
System control number EN-80018
100 ## - MAIN ENTRY--PERSONAL NAME
Personal name Lakshmikanathan, V .
245 ## - TITLE STATEMENT
Title The orgin and the history of mathesmatics/
Statement of responsibility, etc by V Lakshmikanthan
260 ## - PUBLICATION, DISTRIBUTION, ETC. (IMPRINT)
Place of publication, distribution, etc Newyork
Name of publisher, distributor, etc Dilip and Dipika Doctor
Date of publication, distribution, etc n.d
270 ## - ADDRESS
Address H.O.1051, sec 1,rohtak
City Haryana
300 ## - PHYSICAL DESCRIPTION
Extent 182p.
Dimensions 22cm (Hb)
700 ## - ADDED ENTRY--PERSONAL NAME
Personal name Devi, J Vasundhara
9 (RLIN) 773
942 ## - ADDED ENTRY ELEMENTS (KOHA)
Source of classification or shelving scheme Dewey Decimal Classification
Item type English Books
Call number suffix DEV
Holdings
Withdrawn status Lost status Not for loan Collection code Home library Current library Date acquired Source of acquisition Cost, normal purchase price Full call number Copy number Cost, replacement price Koha item type
    Not For Loan Non-fiction D.B.Act.Division D.B.Act.Division 22/07/2010 DBAD/PUB 400.00 DEV 1 400.00 English Books

© Delhi Public Library
Hit Counter
free hit counter